Countries that End with N - Statistics

General Stats
  • This quiz has been taken 115 times
  • The average score is 21 of 25
Answer Stats
Continent Country % Correct
Asia Afghanistan
95%
Asia Tajikistan
95%
Asia Kazakhstan
94%
Asia Japan
92%
Asia Uzbekistan
92%
Asia Turkmenistan
91%
Asia Jordan
89%
Asia Kyrgyzstan
88%
Asia Oman
88%
Asia Pakistan
88%
Asia Iran
87%
Europe Spain
86%
Asia Yemen
86%
Asia Azerbaijan
82%
Africa Benin
82%
Asia Bhutan
82%
Africa South Sudan
82%
Africa Sudan
82%
Asia Bahrain
80%
Africa Gabon
79%
Asia Lebanon
76%
Europe Sweden
75%
Asia Taiwan
75%
Africa Cameroon
68%
Europe Liechtenstein
58%
No matching quizzes found
Score Distribution
Percent of People with Each Score
Percentile by Number Answered
Your Score History
You have not taken this quiz